Возможность как альтернатива вероятности. Математические и эмпирические основы, применение

Bibliographic Details
Main Author: Пытьев Ю. П. Юрий Петрович
Summary:В монографии рассмотрены математические и эмпирические основы теории возможностей, дана ее содержательная интерпретация и рассмотрены применения для математического моделирования, анализа и интерпретации данных, в том числе полученных в измерительном эксперименте, для оптимизации решений и т.п. Рассмотрены применения теории возможностей в стохастических задачах проверки гипотез и точечного оценивания по схеме элементарной теории статистических решений, построена теория нечеткой идентификации и оценивания, разработаны теоретико-возможностные методы анализа и интерпретации эксперимента, построены теоретико-возможностные основы теории измерительно-вычислительных систем и т.д. Для студентов и аспирантов физико-математических и технических специальностей, научных работников и инженеров, работающих в области математического моделирования и анализа данных.
Language:Russian
Published: Москва, Физматлит, 2007
Subjects:
Format: Book
KOHA link:https://koha.lib.tpu.ru/cgi-bin/koha/opac-detail.pl?biblionumber=128968

MARC

LEADER 00000nam0a2200000 4500
001 128968
005 20231031133138.0
010 |a 9785922108591 
035 |a (RuTPU)RU\TPU\book\139563 
090 |a 128968 
100 |a 20080117d2007 k y0rusy50 ca 
101 0 |a rus 
102 |a RU 
105 |a y z 001zy 
200 1 |a Возможность как альтернатива вероятности. Математические и эмпирические основы, применение  |f Ю. П. Пытьев 
210 |a Москва  |c Физматлит  |d 2007 
215 |a 464 с. 
320 |a Библиогр.: с. 456-461. 
320 |a Список обозначений: с. 462-464. 
330 |a В монографии рассмотрены математические и эмпирические основы теории возможностей, дана ее содержательная интерпретация и рассмотрены применения для математического моделирования, анализа и интерпретации данных, в том числе полученных в измерительном эксперименте, для оптимизации решений и т.п. Рассмотрены применения теории возможностей в стохастических задачах проверки гипотез и точечного оценивания по схеме элементарной теории статистических решений, построена теория нечеткой идентификации и оценивания, разработаны теоретико-возможностные методы анализа и интерпретации эксперимента, построены теоретико-возможностные основы теории измерительно-вычислительных систем и т.д. Для студентов и аспирантов физико-математических и технических специальностей, научных работников и инженеров, работающих в области математического моделирования и анализа данных. 
610 1 |a математика 
610 1 |a теория возможностей 
610 1 |a стохастические модели 
610 1 |a эмпирическое построение 
610 1 |a предельные теоремы 
610 1 |a оценивание 
610 1 |a гипотезы 
610 1 |a проверка 
610 1 |a оптимальные решения 
610 1 |a данные наблюдений 
610 1 |a анализ 
610 1 |a интерпретация 
610 1 |a математическое моделирование 
610 1 |a данные 
610 1 |a информация 
675 |a 519.23  |v 3 
700 1 |a Пытьев  |b Ю. П.  |g Юрий Петрович 
801 1 |a RU  |b 63413507  |c 20080117  |g PSBO 
801 2 |a RU  |b 63413507  |c 20150508  |g PSBO 
900 |a Математические основы теории систем 
942 |c BK